Top 160 Länder nach Einwohner - Statistiken

Allgemein
  • Dieses Quiz wurde 5 mal gespielt
  • Das Durchschnittsergebnis liegt bei 121 aus 160
Antwortstatistiken
Anzahl Einwohner (2022) Länder % Korrekt
214'800'000 Brasilien
100%
1'436'600'000 China
100%
99'000'000 Demokratische Republik Kongo
100%
83'300'000 Deutschland
100%
3'700'000 Eritrea
100%
65'800'000 Frankreich
100%
67'600'000 Grossbritannien
100%
1'417'200'000 Indien
100%
58'900'000 Italien
100%
38'800'000 Kanada
100%
127'500'000 Mexiko
100%
3'400'000 Mongolei
100%
235'800'000 Pakistan
100%
6'000'000 Republik Kongo
100%
144'300'000 Russland
100%
17'600'000 Somalia
100%
47'400'000 Spanien
100%
46'900'000 Sudan
100%
10'900'000 Südsudan
100%
41'000'000 Ukraine
100%
9'400'000 Vereinigte Arabische Emirate
100%
332'800'000 Vereinigte Staaten
100%
41'100'000 Afghanistan
75%
103'500'000 Ägypten
75%
2'800'000 Albanien
75%
44'900'000 Algerien
75%
35'600'000 Angola
75%
1'700'000 Äquatorialguinea
75%
46'200'000 Argentinien
75%
123'400'000 Äthiopien
75%
25'800'000 Australien
75%
1'500'000 Bahrain
75%
171'200'000 Bangladesch
75%
9'200'000 Belarus
75%
13'400'000 Benin
75%
800'000 Bhutan
75%
12'200'000 Bolivien
75%
2'600'000 Botswana
75%
22'700'000 Burkina Faso
75%
12'900'000 Burundi
75%
1'980'000 Chile
75%
5'200'000 Costa Rica
75%
5'873'420 Dänemark
75%
11'200'000 Dominikanische Republik
75%
1'100'000 Dschibuti
75%
18'000'000 Ecuador
75%
28'200'000 Elfenbeinküste
75%
6'300'000 El Salvador
75%
1'300'000 Estland
75%
1'200'000 Eswatini
75%
900'000 Fidschi
75%
5'600'000 Finnland
75%
2'400'000 Gabun
75%
2'700'000 Gambia
75%
10'600'000 Griechenland
75%
17'800'000 Guatemala
75%
13'900'000 Guinea
75%
2'100'000 Guinea-Bissau
75%
800'000 Guyana
75%
11'600'000 Haiti
75%
9'600'000 Honduras
75%
275'500'000 Indonesien
75%
44'500'000 Irak
75%
88'600'000 Iran
75%
5'100'000 Irland
75%
9'500'000 Israel
75%
2'800'000 Jamaika
75%
124'900'000 Japan
75%
33'700'000 Jemen
75%
16'800'000 Kambodscha
75%
27'900'000 Kamerun
75%
19'200'000 Kasachstan
75%
54'000'000 Kenia
75%
6'800'000 Kirgistan
75%
49'100'000 Kolumbien
75%
3'800'000 Kroatien
75%
4'100'000 Kuwait
75%
7'500'000 Laos
75%
2'300'000 Lesotho
75%
1'900'000 Lettland
75%
5'500'000 Libanon
75%
5'300'000 Liberia
75%
6'800'000 Libyen
75%
2'800'000 Litauen
75%
29'600'000 Madagaskar
75%
20'400000 Malawi
75%
32'700'000 Malaysia
75%
22'600'000 Mali
75%
36'700'000 Marokko
75%
4'700'000 Mauretanien
75%
3'500'000 Moldau
75%
33'000'000 Mosambik
75%
54'200'000 Myanmar
75%
2'600'000 Namibia
75%
30'900'000 Nepal
75%
5'100'000 Neuseeland
75%
6'700'000 Nicaragua
75%
26'200'000 Niger
75%
218'500'000 Nigeria
75%
26'100'000 Nordkorea
75%
5'400'000 Norwegen
75%
4'600'000 Oman
75%
9'000'000 Österreich
75%
4'400'000 Panama
75%
9'300'000 Papua-Neuguinea
75%
6'800'000 Paraguay
75%
33'400'000 Peru
75%
115'600'000 Philippinen
75%
38'000'000 Polen
75%
10'300'000 Portugal
75%
13'800'000 Ruanda
75%
19'000'000 Rumänien
75%
20'000'000 Sambia
75%
36'700'000 Saudi-Arabien
75%
10'500'000 Schweden
75%
8'800'000 Schweiz
75%
17'900'000 Senegal
75%
6800'000 Serbien
75%
8'700'000 Sierra Leone
75%
16'300'000 Simbabwe
75%
5'500'000 Singapur
75%
5'400'000 Slowakei
75%
2'100'000 Slowenien
75%
22'400'000 Sri Lanka
75%
60'600'000 Südafrika
75%
51'600'000 Südkorea
75%
22'100'000 Syrien
75%
10'000'000 Tadschikistan
75%
23'200'000 Taiwan
75%
66'800'000 Thailand
75%
8'800'000 Togo
75%
1'400'000 Trinidad und Tobago
75%
17'700'000 Tschad
75%
10'500'000 Tschechien
75%
11'800'000 Tunesien
75%
85'200'000 Türkei
75%
6'400'000 Turkmenistan
75%
47'200'000 Uganda
75%
9'700'000 Ungarn
75%
3'600'000 Uruguay
75%
35'600'000 Usbekistan
75%
28'300'000 Venezuela
75%
99'400'000 Vietnam
75%
3'000'000 Armenien
50%
10'200'000 Aserbaidschan
50%
11'600'000 Belgien
50%
3'400'000 Bosnien und Herzegowina
50%
6'800'000 Bulgarien
50%
3'700'000 Georgien
50%
33'500'000 Ghana
50%
11'200'000 Jordanien
50%
2'700'000 Katar
50%
11'100'000 Kuba
50%
1'300'000 Mauritius
50%
17'700'000 Niederlande
50%
1'800'000 Nordmazedonien
50%
1'300'000 Osttimor
50%
65'500'000 Tansania
50%
1'300'000 Zypern
50%
5'600'000 Zentral­afrikanische Republik
0%
Keine übereinstimmenden Quizze gefunden
Verteilung der Resultate
Anzahl Personen mit jedem Resultat
Perzentil nach korrekt beantworteten Fragen
Ihre Resultats-Entwicklung
Sie haben dieses Quiz noch nicht gespielt